| 000 | 00000nam##2200000za#4500 |
| 001 | 9.639320 |
| 003 | CaOODSP |
| 005 | 20230801131727 |
| 007 | cr ||||||||||| |
| 008 | 150407|2005||||xxc|||||o f|0| 0 fre|d |
| 040 | |aCaOODSP|bfre |
| 043 | |an-cn--- |
| 086 | 1 |aPS84-24/2005F-PDF |
| 110 | 2 |aService correctionnel Canada. |bDirection de la recherche. |
| 245 | 13|aLe retour en toute sécurité des délinquants dans la communauté : |h[ressource électronique]|baperçu statistique / |c[par] Larry Motiuk, Colette Cousineau et Justin Gileno. |
| 260 | |bService correctionnel Canada. |cAvril 2005. |
| 300 | |a29p.|bfigures en couleur, graphiques, références, tableaux |
| 590 | |a11-28-Supp|b2011-11-17 |
| 720 | 1 |aCousineau, Colette |
| 720 | 1 |aMotiuk, Larry |
| 720 | 1 |aGileno, Justin |
| 775 | 08|tThe safe return of offenders to the community : |w(CaOODSP)9.695161 |
| 856 | 40|ahttp://publications.gc.ca|qPDF|s342 Ko|uhttps://publications.gc.ca/collections/collection_2011/scc-csc/PS84-24-2005-fra.pdf |